First foods /

Tips on cooking, planning menus, marketing, nutrition, weight watching, and career opportunities in nutrition.

Saved in:
Bibliographic Details
Main Authors: Cronan, Marion Louise., Atwood, June C., (Author)
Other Authors: Atwood, June C.
Format: Book
Language:English
Published: Peoria, Ill. : Chas. A. Bennett Co., c1976.
Edition:Rev. ed.
Subjects:
Tags: Add Tag
No Tags, Be the first to tag this record!
LEADER 01150cam a2200385 i 4500
001 012515744-4
005 20100712192322.0
008 760916s1976 ilua j 000 0 eng
010 |a  75027256  
020 |a 0870021680 
020 |a 9780870021688 
035 0 |a ocm02377655 
040 |a DLC  |c DLC  |d OCLCQ  |d AGL  |d BTCTA 
042 |a lcac 
050 0 0 |a TX354  |b .C69 1976 
070 0 |a TX354  |b .C69 1976 
082 0 0 |a 641.3 
100 1 |a Cronan, Marion Louise. 
245 1 0 |a First foods /  |c Marion L. Cronan, June C. Atwood. 
250 |a Rev. ed. 
260 |a Peoria, Ill. :  |b Chas. A. Bennett Co.,  |c c1976. 
300 |a 286 p. :  |b ill. (some col.) ;  |c 25 cm. 
500 |a Indiana state adopted textbook, 1977-1982. 
520 |a Tips on cooking, planning menus, marketing, nutrition, weight watching, and career opportunities in nutrition. 
650 0 |a Cooking  |v Textbooks. 
650 0 |a Food  |v Textbooks. 
650 0 |a Nutrition  |v Textbooks. 
650 0 |a Food. 
650 0 |a Nutrition. 
650 0 |a Cooking. 
700 1 |a Atwood, June C. 
700 1 |a Atwood, June C.,  |e author. 
988 |a 20100625 
049 |a HMGG 
906 |0 DLC